000 00673cam a22002173a 4500
001 44553
003 PGUSA
005 20140828084022.0
008 140101s2014||||xxu|||||s|||||000 | eng d
040 _aPGUSA
_beng
042 _adc
100 1 _aColeridge, Samuel Taylor,
_d1772-1834
245 1 0 _aLetters of Samuel Taylor Coleridge, Vol. I (of 2)
_h[electronic resource] /
_cSamuel Taylor Coleridge
260 _bProject Gutenberg,
_c2014
506 _aPublic domain in the USA.
516 _aElectronic text
700 1 _aColeridge, Ernest Hartley,
_d1846-1920
830 0 _aProject Gutenberg
_v44553
856 4 0 _uhttp://www.gutenberg.org/ebooks/44553
942 _cEB
999 _c273804
_d273804